000 00956nam a2200241 i 4500
001 79739
003 ES-MaACL
005 20250910200900.0
007 t|
008 041022s1960 sp ||||1| spa d
100 1 _aHervada, Javier (
_d1934-)
_963412
245 1 4 _aLos fines del matrimonio
_b: su relevancia en la estructura jurídica matrimonial /
_cJavier Hervada ; prólogo de Pedro Lombardía.
260 _a[Pamplona :
_bs.n.,
_c1960]
300 _a231 p. ;
_c22 cm.
490 1 _aPublicaciones del Estudio General de Navarra ;
_v29
490 1 _aColección Canónica del Estudio General de Navarra ;
_v4
650 7 _aMatrimonio (Derecho canónico)
_2embne
_914862
700 1 _aLombardía, Pedro.
_973191
830 0 _aPublicaciones del Estudio General de Navarra ;
_v29
_9231456
830 0 _aColección canónica del estudio general de Navarra
_v4
_9231458
852 _aES-MaACL
_jC-18163
_bR.46560
999 _c79739
_d79739